Chicago Bulls Leaders of the Last 10 Years - Statistics

General Stats
  • This quiz has been taken 532 times
    13 since last reset
  • The average score is 28 of 50
Answer Stats
Stat # Player % Correct
Points 5831 DeMar Derozan
100%
Rebounds 1075 DeMar DeRozan
100%
Assists 1172 DeMar Derozan
100%
Steals 241 DeMar Derozan
100%
Points 10056 Zach LaVine
100%
Rebounds 1950 Zach Lavine
100%
Assists 1808 Zach LaVine
100%
Steals 388 Zach LaVine
100%
Blocks 144 Zach LaVine
100%
Points 3215 Jimmy Butler
70%
Assists 738 Jimmy Butler
70%
Steals 253 Jimmy Butler
70%
Points 6013 Nikola Vucevic
70%
Rebounds 3543 Nikola Vucevic
70%
Assists 1113 Nikola Vucevic
70%
Steals 264 Nikola Vucevic
70%
Blocks 260 Nikola Vucevic
70%
Points 2636 Patrick Williams
70%
Rebounds 1126 Patrick Williams
70%
Steals 233 Patrick Williams
70%
Blocks 190 Patrick Williams
70%
Points 6405 Coby White
60%
Rebounds 1539 Coby White
60%
Assists 1618 Coby White
60%
Steals 292 Coby White
60%
Assists 503 Josh Giddey
60%
Blocks 127 Taj Gibson
50%
Assists 605 Alex Caruso
40%
Steals 289 Alex Caruso
40%
Blocks 131 Alex Caruso
40%
Rebounds 1152 Andre Drummond
40%
Points 2856 Ayo Dosunmu
40%
Assists 912 Ayo Dosunmu
40%
Steals 233 Ayo Dosunmu
40%
Assists 760 Kris Dunn
40%
Steals 273 Kris Dunn
40%
Blocks 146 Pau Gasol
40%
Blocks 118 Wendell Carter Jr.
40%
Points 2299 Robin Lopez
30%
Rebounds 1096 Robin Lopez
30%
Blocks 248 Robin Lopez
30%
Assists 625 Tomas Satoransky
30%
Points 3439 Lauri Markkanen
20%
Rebounds 1559 Lauri Markkanen
20%
Blocks 111 Lauri Markkanen
20%
Points 2147 Bobby Portis
10%
Rebounds 1292 Bobby Portis
10%
Rebounds 992 Cristiano Felicio
10%
Blocks 114 Nikola Mirotic
10%
Steals 166 Justin Holiday
0%
No matching quizzes found
Score Distribution
Percent of People with Each Score
Percentile by Number Answered
Your Score History
You have not taken this quiz since the last reset